| 000 | 00800nam a22002297a 4500 | ||
|---|---|---|---|
| 999 |
_c20043 _d20043 |
||
| 003 | AR-CdUCM | ||
| 008 | 190524b ||||| |||| 00| 0 spa d | ||
| 040 |
_aMUNICIPALIDAD PROVINCIAL DEL CUSCO _cBIBLIOTECA MUNICIPAL DEL CUSCO |
||
| 082 |
_a616.89 / _bP72 |
||
| 100 |
_aPodolsky, Edward _941927 |
||
| 245 |
_aEnciclopedia de las aberraciones : _bManual de psiquiatría / |
||
| 260 |
_aBuenos Aires : _bPsique, _c1959. |
||
| 300 |
_a646 páginas _c25 cm. |
||
| 505 | _aContenido : Alcoholismo crónico -- Ansiedad en la infancia -- Frustración en el lenguaje.. | ||
| 650 |
_aPsicopatología _96514 |
||
| 650 |
_aAberraciones humanas _941928 |
||
| 650 |
_aTratamientos _931496 |
||
| 700 |
_aAdler, Alexandra _941929 |
||
| 700 |
_aAbrahamsen, David _941930 |
||
| 942 |
_2ddc _cLIBROS |
||
| 945 | _arcc | ||